00670pam a2200169 a 4500020002800000020003500028040000800063082002600071245009100097260004700188300003500235500014100270650002600411650002600437650001500463700002200478 a0801426014 (alk. paper) a0801499119 (pbk. : alk. paper) cDLC00a338 CUP 1991 C146 Or.00aAgriculture and the state :bgrowth, employment, and poverty in developing countries / aIthaca :bCornell University Press,c1991. axiii, 311 p. :bill. ;c23 cm. aPapers from a conference on the role of government in agricultural development, held in August 1989 in Marbach Castle on Lake Constance. 0aAgriculture and state 0aAgricultural laborers 0aRural poor1 aTimmer, C. Peter.